Diseño básico arquitectónico
Presentar una síntesis del desarrollo que ha tenido a través del tiempo la disciplina de diseño básico, así como su origen y actualidad.
| Main Author: | |
|---|---|
| Other Authors: | |
| Format: | Tesis Section = Libro |
| Language: | Undetermined Spanish |
| Published: |
Managua
Universidad Nacional Autónoma de Nicaragua (UNAN)
1989
|
| Subjects: |
| LEADER | 00807nam a2200205Ia 4500 | ||
|---|---|---|---|
| 008 | 240830s9999 xx 000 0 und d | ||
| 040 | |a BIBLIOTECA-RUSB/ Mon 729 M337 | ||
| 041 | |a spa | ||
| 082 | |a Mon 729 M337 | ||
| 100 | 1 | |a Marín Argüello Martha | |
| 245 | 1 | 0 | |a Diseño básico arquitectónico |
| 260 | |a Managua |b Universidad Nacional Autónoma de Nicaragua (UNAN) |c 1989 | ||
| 300 | |a 136 p. :il. | ||
| 502 | |a Tesis (Arquitecto) - Universidad Nacional Autónoma de Nicaragua (UNAN), 1989. | ||
| 520 | 3 | |a Presentar una síntesis del desarrollo que ha tenido a través del tiempo la disciplina de diseño básico, así como su origen y actualidad. | |
| 650 | 7 | |a DISEÑO ARQUITECTONICO – TEORIA I | |
| 700 | 1 | |a Tutor: |b Tello Alarcón, Roberto | |
| 942 | |c BK |2 ddc | ||
| 991 | |a TESIS | ||
| 999 | |c 21529 | ||